000 00452nam a2200169Ia 4500
008 090711s9999 xx 000 0 und d
082 _b53103
100 _aआफळे सुनीती
245 _aदक्षिणा
260 _c1985
300 _a131
600 _aआफळे सुनीती
630 _aदक्षिणा
700 _aआफळे सुनीती
730 _aदक्षिणा
942 _cBOOK
999 _c302035
_d302035